|
|
|
|
| LEADER |
01240nam a22002657a 4500 |
| 003 |
GR-PaULI |
| 005 |
20250212101855.0 |
| 008 |
070924s1991 xxk|||||| |||1| |||||c |
| 020 |
|
|
|a 0335092772
|
| 040 |
|
|
|a GR-PaULI
|b gre
|c GR-PaULI
|e AACR2
|
| 082 |
0 |
4 |
|2 23
|a 372.475
|
| 100 |
1 |
|
|a Littlefair, Alison B., (Alison Barbara)
|4 συγγραφέας
|9 191618
|d 1934-
|
| 245 |
1 |
0 |
|a Reading all types of writing :
|b the importance of genre and register for reading development /
|c Alison B. Littlefair.
|
| 260 |
|
|
|a Milton Keynes ;
|a Open University Press,
|c 1991.
|
| 300 |
|
|
|a xiv, 104 σ. ;
|c 23 εκ.
|
| 490 |
1 |
|
|a Rethinking reading
|
| 504 |
|
|
|a Περιέχει βιβλιογραφικές παραπομπές και ευρετήριο.
|
| 650 |
|
4 |
|9 102275
|a Ανάγνωση (Στοιχειώδης)
|
| 650 |
|
4 |
|9 191572
|a Ανάγνωση (Στοιχειώδης)
|z Μεγάλη Βρετανία.
|
| 650 |
|
4 |
|9 166146
|a Αναγνωστική κατανόηση
|
| 830 |
|
0 |
|a Rethinking reading
|9 191619
|
| 942 |
|
|
|2 ddc
|c BK
|
| 952 |
|
|
|0 0
|1 0
|2 ddc
|4 0
|6 372_475000000000000_LIT
|7 0
|9 359572
|a PTDE
|b PTDE
|d 2022-05-05
|i 12346
|l 0
|o 372.475 LIT
|p 025000212251
|r 2022-05-05 00:00:00
|t 1
|w 2022-05-05
|y BK15
|
| 998 |
|
|
|c ΤΣΕΝΕ
|d 2022-05
|
| 999 |
|
|
|c 210173
|d 210173
|